[Event "Santa Fe qual Santafesino op"]
[Site "Santa Fe"]
[Date "2021.03.27"]
[Round "5"]
[White "Hase, Salim"]
[Black "Pigatto, Rodolfo Luis"]
[Result "0-1"]
[WhiteElo "1680"]
[BlackElo "1761"]
[PlyCount "30"]
[EventDate "2021.03.26"]
[EventType "swiss"]
[EventRounds "7"]
[EventCountry "ARG"]
[SourceTitle "EXT 2022"]
[Source "ChessBase"]
[SourceDate "2021.10.06"]
[SourceVersion "1"]
[SourceVersionDate "2021.10.06"]
[SourceQuality "1"]

1. e4 e5 2. Nf3 Nc6 3. Bb5 f5 4. d3 Nf6 5. Bg5 Be7 6. 0-0 d6 7. Nc3 0-0 8. Bc4+ Kh8 9. exf5 Bxf5 10. Bxf6 Bxf6 11. h3 Qe8 12. Bd5 Qg6 13. Bc4 Rae8 14. Nd5 Bd8 15. Re1 Qf7 0-1

[Event "Santa Fe op"]
[Site "Santa Fe"]
[Date "2020.02.09"]
[Round "4"]
[White "Hevia, Geronimo"]
[Black "Pigatto, Rodolfo Luis"]
[Result "1-0"]
[WhiteElo "1653"]
[BlackElo "1845"]
[PlyCount "87"]
[EventDate "2020.02.08"]
[EventType "swiss"]
[EventRounds "7"]
[EventCountry "ARG"]
[SourceTitle "CBM 195 Extra"]
[Source "ChessBase"]
[SourceDate "2020.05.31"]
[SourceVersion "1"]
[SourceVersionDate "2020.05.31"]
[SourceQuality "1"]

1. c4 b6 2. Nf3 Bb7 3. g3 e6 4. Bg2 c5 5. 0-0 Nf6 6. Nc3 Be7 7. d4 cxd4 8. Qxd4 d6 9. Rd1 a6 10. b3 0-0 11. Bb2 Nbd7 12. Ng5 Bxg2 13. Kxg2 Qc7 14. Nce4 Rfd8 15. Qd3 h6 16. Nxf6+ Nxf6 17. Ne4 Qb7 18. f3 Nxe4 19. Qxe4 Qxe4 20. fxe4 b5 21. Rac1 Rac8 22. cxb5 axb5 23. Rxc8 Rxc8 24. Rc1 Rxc1 25. Bxc1 Kf8 26. Bb2 g6 27. Kf3 Ke8 28. e5 d5 29. e4 Kd7 30. exd5 exd5 31. a4 Kc6 32. Ke3 h5 33. h3 Bb4 34. Kd3 Be1 35. g4 hxg4 36. hxg4 Bb4 37. Bc3 Be7 38. a5 b4 39. Bd2 Kb5 40. Kd4 Kc6 41. Be3 f5 42. gxf5 gxf5 43. a6 Bd8 44. a7 1-0

[Event "Santa Fe IRT U2000"]
[Site "Santa Fe"]
[Date "2019.11.10"]
[Round "4.8"]
[White "Hernandez, Daniel2"]
[Black "Pigatto, Rodolfo Luis"]
[Result "1-0"]
[WhiteElo "1514"]
[BlackElo "1919"]
[PlyCount "57"]
[EventDate "2019.11.09"]
[EventType "swiss"]
[EventRounds "6"]
[EventCountry "ARG"]
[SourceTitle "EXT 2024"]
[Source "ChessBase"]
[SourceDate "2023.10.10"]
[SourceVersion "1"]
[SourceVersionDate "2023.10.10"]
[SourceQuality "1"]

1. d4 c5 2. d5 Nf6 3. Nc3 g6 4. e4 d6 5. Bd3 Bg7 6. Nge2 0-0 7. 0-0 e6 8. f4 Na6 9. f5 Ng4 10. fxe6 fxe6 11. dxe6 Rxf1+ 12. Qxf1 Bxe6 13. h3 Ne5 14. Nf4 Bf7 15. Nfd5 Nb4 16. Nxb4 cxb4 17. Nd5 Bxd5 18. exd5 Qb6+ 19. Qf2 Nf3+ 20. Kf1 Nh2+ 21. Ke1 Re8+ 22. Be2 Bd4 23. Qg3 Qb5 24. Qd3 Qxd5 25. Qb3 Qxb3 26. axb3 Rf8 27. Ra5 Nf1 28. Bxf1 Bb6 29. Bc4+ 1-0

[Event "Santa Fe de los Reyes Memorial 2nd"]
[Site "Santa Fe"]
[Date "2019.08.24"]
[Round "3.1"]
[White "Decoppet, Nestor"]
[Black "Pigatto, Rodolfo Luis"]
[Result "1/2-1/2"]
[WhiteElo "1799"]
[BlackElo "1911"]
[PlyCount "136"]
[EventDate "2019.08.24"]
[EventType "swiss"]
[EventRounds "6"]
[EventCountry "ARG"]
[SourceTitle "EXT 2024"]
[Source "ChessBase"]
[SourceDate "2023.10.10"]
[SourceVersion "1"]
[SourceVersionDate "2023.10.10"]
[SourceQuality "1"]

1. d4 c5 2. dxc5 Qa5+ 3. c3 Qxc5 4. Nf3 Nf6 5. g3 b6 6. Bg2 Bb7 7. Be3 Qc7 8. 0-0 d6 9. a4 a6 10. Qb3 Nbd7 11. Ng5 e6 12. Bh3 Bd5 13. Qd1 Ne5 14. b3 h6 15. Nf3 Nxf3+ 16. exf3 Be7 17. c4 Bc6 18. Nc3 0-0 19. f4 Rfd8 20. f5 e5 21. Nd5 Bxd5 22. cxd5 Qb7 23. Bg2 Rab8 24. Qd2 Ng4 25. h3 Nxe3 26. fxe3 Rdc8 27. f6 Bxf6 28. Rxf6 gxf6 29. e4 Kg7 30. Rf1 Qc7 31. Qe2 Rg8 32. Qxa6 Qc5+ 33. Kh2 b5 34. axb5 Rxb5 35. Qa4 Rgb8 36. Rf3 Qb6 37. b4 Qb7 38. Qd1 Rxb4 39. Rf5 Rg8 40. Qg4+ Kf8 41. Qh4 Rb2 42. Qxh6+ Ke8 43. Qxf6 Qa7 44. h4 Qe7 45. Qxe7+ Kxe7 46. Kh3 Rb3 47. Rf3 Rxf3 48. Bxf3 f6 49. Bg4 Rb8 50. Be6 Rb4 51. Bf5 Kf7 52. Kg4 Rb3 53. h5 Kg7 54. Bg6 Rb6 55. Kf5 Ra6 56. g4 Rb6 57. h6+ Kh8 58. Kxf6 Kg8 59. Ke6 Kh8 60. Be8 Kh7 61. Bc6 Rb4 62. Kxd6 Rxe4 63. Bd7 Kxh6 64. Bf5 Re1 65. Kc5 e4 66. Kd4 e3 67. Kd3 Rd1+ 68. Kxe3 Rxd5 1/2-1/2

[Event "Santa Fe de los Reyes Memorial 2nd"]
[Site "Santa Fe"]
[Date "2019.08.24"]
[Round "1.1"]
[White "Kucich, Jonas"]
[Black "Pigatto, Rodolfo Luis"]
[Result "0-1"]
[WhiteElo "1551"]
[BlackElo "1911"]
[PlyCount "64"]
[EventDate "2019.08.24"]
[EventType "swiss"]
[EventRounds "6"]
[EventCountry "ARG"]
[SourceTitle "EXT 2024"]
[Source "ChessBase"]
[SourceDate "2023.10.10"]
[SourceVersion "1"]
[SourceVersionDate "2023.10.10"]
[SourceQuality "1"]

1. c4 b6 2. Nc3 Bb7 3. d3 e6 4. e4 c5 5. g3 d6 6. Bg2 Nd7 7. Nge2 Be7 8. 0-0 Qc7 9. Be3 Ngf6 10. h3 0-0 11. f4 Rfe8 12. Qd2 Rad8 13. g4 g6 14. f5 Ne5 15. fxe6 fxe6 16. Nf4 Bf8 17. g5 Nfd7 18. Rf2 Bg7 19. Raf1 Nf8 20. Qd1 Rd7 21. h4 Qd8 22. Bh3 Rde7 23. Rg2 Qb8 24. h5 Bc8 25. Qe2 Nc6 26. hxg6 hxg6 27. Qd1 e5 28. Bxc8 exf4 29. Bxf4 Bd4+ 30. Kh2 Qxc8 31. Bxd6 Rh7+ 32. Kg3 Qh3+ 0-1

[Event "Santa Fe Laguna Paiva op"]
[Site "Santa Fe"]
[Date "2019.03.10"]
[Round "5"]
[White "Hutt, Alejandro Gabriel"]
[Black "Pigatto, Rodolfo Luis"]
[Result "1-0"]
[WhiteElo "2019"]
[BlackElo "1938"]
[PlyCount "51"]
[EventDate "2019.03.09"]
[EventType "swiss"]
[EventRounds "6"]
[EventCountry "ARG"]
[SourceTitle "CBM 189 Extra"]
[Source "ChessBase"]
[SourceDate "2019.05.31"]
[SourceVersion "1"]
[SourceVersionDate "2019.05.31"]
[SourceQuality "1"]

1. e4 e5 2. Nf3 Nc6 3. d4 exd4 4. Bc4 Nf6 5. e5 d5 6. Bb5 Ne4 7. Nxd4 Bc5 8. 0-0 Qh4 9. Be3 Bd7 10. Nf3 Qe7 11. Qxd5 Bxe3 12. Qxe4 Bb6 13. Nc3 0-0-0 14. Nd5 Qc5 15. c4 Rhe8 16. a3 Nxe5 17. b4 Nxf3+ 18. Qxf3 Qd4 19. Rad1 Qe5 20. Bxd7+ Rxd7 21. c5 c6 22. cxb6 cxd5 23. bxa7 Kc7 24. Qb3 Kb6 25. Qa4 d4 26. Qxd7 1-0

[Event "Santa Fe Laguna Paiva op"]
[Site "Santa Fe"]
[Date "2019.03.09"]
[Round "1"]
[White "Monserrat, Marcelo"]
[Black "Pigatto, Rodolfo Luis"]
[Result "0-1"]
[WhiteElo "1490"]
[BlackElo "1938"]
[PlyCount "54"]
[EventDate "2019.03.09"]
[EventType "swiss"]
[EventRounds "6"]
[EventCountry "ARG"]
[SourceTitle "CBM 189 Extra"]
[Source "ChessBase"]
[SourceDate "2019.05.31"]
[SourceVersion "1"]
[SourceVersionDate "2019.05.31"]
[SourceQuality "1"]

1. e4 Nf6 2. Nc3 d6 3. f4 c5 4. Nf3 g6 5. Bb5+ Nc6 6. 0-0 Bg7 7. e5 dxe5 8. fxe5 Nd5 9. Ne4 Qb6 10. Bc4 Be6 11. Nfg5 0-0 12. Nxe6 fxe6 13. Ng5 Nxe5 14. Bxd5 exd5 15. d4 Rxf1+ 16. Qxf1 cxd4 17. h4 d3+ 18. Qf2 Qxf2+ 19. Kxf2 dxc2 20. Ne6 Nd3+ 21. Ke2 Nxc1+ 22. Rxc1 Rc8 23. Nxg7 Kxg7 24. Kd2 e5 25. Rxc2 Rxc2+ 26. Kxc2 Kf6 27. g4 h5 0-1

[Event "Santa Fe Laguna Paiva op"]
[Site "Santa Fe"]
[Date "2019.03.09"]
[Round "3"]
[White "Orono, Luciano"]
[Black "Pigatto, Rodolfo Luis"]
[Result "1-0"]
[WhiteElo "1829"]
[BlackElo "1938"]
[PlyCount "42"]
[EventDate "2019.03.09"]
[EventType "swiss"]
[EventRounds "6"]
[EventCountry "ARG"]
[SourceTitle "CBM 189 Extra"]
[Source "ChessBase"]
[SourceDate "2019.05.31"]
[SourceVersion "1"]
[SourceVersionDate "2019.05.31"]
[SourceQuality "1"]

1. e4 c5 2. Nf3 Nc6 3. d4 cxd4 4. Nxd4 e5 5. Nb5 d6 6. c4 Be7 7. N1c3 a6 8. Na3 Nf6 9. Bd3 Be6 10. Nc2 0-0 11. 0-0 Rc8 12. Nd5 Nd7 13. b4 Bg5 14. Ba3 Nb6 15. Rb1 Ne7 16. Qe2 Bxd5 17. exd5 f5 18. f3 Ng6 19. g3 Re8 20. Bxf5 Rxc4 21. Bxg6 hxg6 1-0

[Event "Santa Fe-ch"]
[Site "Santa Fe"]
[Date "2018.09.13"]
[Round "4.2"]
[White "Pigatto, Rodolfo Luis"]
[Black "Acosta, Raul ER"]
[Result "0-1"]
[WhiteElo "1928"]
[BlackElo "2048"]
[PlyCount "75"]
[EventDate "2018.09.04"]
[EventType "swiss"]
[EventRounds "7"]
[EventCountry "ARG"]
[SourceTitle "EXT 2024"]
[Source "ChessBase"]
[SourceDate "2023.10.10"]
[SourceVersion "1"]
[SourceVersionDate "2023.10.10"]
[SourceQuality "1"]

1. e4 g6 2. d4 Bg7 3. Be2 c6 4. h3 d5 5. exd5 cxd5 6. Nf3 Nf6 7. 0-0 0-0 8. Bf4 Nc6 9. c3 b6 10. Na3 a6 11. Nc2 Bb7 12. Nce1 Re8 13. Ne5 Ne4 14. N1d3 f6 15. Nxc6 Bxc6 16. Nb4 Bb7 17. Bf3 a5 18. Nc2 e5 19. Be3 Qc7 20. Rc1 Rad8 21. Re1 Rd7 22. Qd3 Ng5 23. Bxg5 e4 24. Qd2 fxg5 25. Qxg5 Rf8 26. Be2 Rdf7 27. Ne3 Rxf2 28. Nxd5 Qd6 29. Ne3 h6 30. Qh4 R8f4 31. Qg3 h5 32. Qg5 Kh7 33. Nc4 Qf8 34. Bf1 Rf5 35. Qg3 Bh6 36. Qc7+ Rf7 37. Qxb6 Bxc1 38. Be2 0-1